Statistics for Kterému Evropskému státu patří tyto ostrovy?

Click here to take the quiz!

General Stats

  • This quiz has been taken 121 times
  • The average score is 9 of 15

Answer Stats

HintAnswer% Correct
Kréta, Lesbos, RhodosŘecko
90%
Tenerife, Mallorca, MenorcaŠpanělsko
90%
Elba, Ischia, SicílieItálie
88%
Madeira, Porto Santo, São MiguelPortugalsko
85%
Sjælland, Grónsko, StreymoyDánsko
77%
Svatá Helena, Man, JerseySpojené království
60%
Stari Ulcinj, Katić, Sveti NikolaČerná Hora
54%
Pag, Mali Lošinj, CresChorvatsko
48%
Západní Špicberk, Jan Mayen, Medvědí ostrovNorsko
46%
Aruba, Curaçao, Svatý EustachNizozemí
44%
Gotland, Öland, HisingenŠvédsko
44%
Guadalupe, Martinik, WallisFrancie
43%
Inishmore, ostrov Clare, InishbofinIrsko
40%
Åland, Lemland, EckeröFinsko
31%
Sazan, Kunë, MalsoriAlbánie
22%

Score Distribution

Percentile by Number Answered

Percent of People with Each Score

Your Score History

You have not taken this quiz